Condemnation appraisal practice

Bibliographic Details
Corporate Author: Special technical committee of the education committee
Format: Book
Published: Chicago : American Institute of Real Estates Appraisers , 1961
Subjects:

MARC

LEADER 00000cam a2200000 7i4500
001 0000008247
005 20161103.0
040 |a INS 
090 0 0 |a KF5599   |b A84 1961 
245 1 0 |a Condemnation appraisal practice   |c edited by Laurence Sando,Joseph G. Kuehnle,Omer F. Kuebel 
260 |a Chicago :   |b American Institute of Real Estates Appraisers ,   |c 1961 
300 |a 586p ;   |c 24 cm. 
650 0 0 |a Eminent domain   |z United States 
650 0 0 |a Real property   |x Valuation   |z United States 
710 1 |a Special technical committee of the education committee 
999 |a 0000023273   |b BOOK   |c Open Shelf   |e Default branch 
999 |a 0000024191   |b BOOK   |c Open Shelf   |e Default branch